000 00475nam a2200181Ia 4500
005 20250923150043.0
008 008 250917s9999 xx 000 0 eng d
037 _aTextual
040 _aDSWL
_beng
_cDSWL
041 _aeng
_2eng
084 _qDSWL
100 _aJaswal, S. S.
_9841718
245 0 _aReservation policy and the law
_c by S. S. Jaswal
260 _aNew Delhi
_b Deep & Deep
_c2000
300 _a346p.
942 _cTEXL
999 _c1459035
_d1459035